00394nam a2200157Ia 4500003000400000008004100004040001600045082001300061100002200074245004800096260003100144300001000175490001400185650001500199650002200214GCL140319s9999 xx 000 0 eng d aGCL / cGCL04a843bN V1 aNARCEJAC, BOILEAU10aLES VISAGES DE TOMBRE / cNARCEJAC, BOILEAU a[S.N] : bDENOEL ، c1990 a213 P aDENOELv004aLITERATURE04aFRENCH LITERATURE